The Original Television Christmas Classics : (Record no. 15647)
[ view plain ]
| 000 -LEADER | |
|---|---|
| fixed length control field | 04058cgm a22006497a 4500 |
| 008 - FIXED-LENGTH DATA ELEMENTS--GENERAL INFORMATION | |
| fixed length control field | 110622s2004 nyu|||||s|||| 00| 0 eng d |
| 020 ## - INTERNATIONAL STANDARD BOOK NUMBER | |
| International Standard Book Number | 0738928682 |
| 024 ## - OTHER STANDARD IDENTIFIER | |
| Standard number or code | 074645861395 |
| 082 ## - DEWEY DECIMAL CLASSIFICATION NUMBER | |
| Edition number | 22 |
| Classification number | 791.4372 |
| Item number | CHR |
| 245 ## - TITLE STATEMENT | |
| Title | The Original Television Christmas Classics : |
| Remainder of title | Rudolph the Red-Nosed Reindeer ; Frosty the Snowman ; Santa Claus is Comin' to Town ; with the Little Drummer Boy ; and, Frosty Returns ; Songs from the Christmas Classics / |
| Statement of responsibility, etc | Sony Wonder, Classic Media. |
| 260 ## - PUBLICATION, DISTRIBUTION, ETC. (IMPRINT) | |
| Place of publication, distribution, etc | New York : |
| Name of publisher, distributor, etc | Sony Wonder ; |
| Place of publication, distribution, etc | [New York?] : |
| Name of publisher, distributor, etc | Classic Media, 2004. |
| Date of publication, distribution, etc | 2004 |
| 300 ## - PHYSICAL DESCRIPTION | |
| Extent | 3 videodiscs (290 mins.) : |
| Other physical details | sd., col. with b&w sequences ; |
| Dimensions | 4 3/4 in |
| Accompanying material | 1 sound disc (digital ; 4 3/4 in.) |
| 500 ## - GENERAL NOTE | |
| General note | Title from container. |
| 500 ## - GENERAL NOTE | |
| General note | Programs originally produced: c1964-c1992. |
| 505 ## - FORMATTED CONTENTS NOTE | |
| Formatted contents note | [disc 1]: Rudolph the Red-Nosed Reindeer -- [disc 2]: Frosty the Snowman; Frosty Returns -- [disc 3]. Santa Claus is comin' to town ;The Little Drummer Boy -- [disc 4] Songs from the Christmas Classics |
| 508 ## - CREATION/PRODUCTION CREDITS NOTE | |
| Creation/production credits note | (Rudolph the Red-Nosed Reindeer) written by Romeo Muller ; adapted from a story by Robert May ; director, Larry Roemer ; produced by Arthur Rankin; (Frosty the Snowman)a Rankin/Bass production ; written by Romeo Muller ; based on the song by Steve Nelson and Jack Rollins; (Frosty Returns)produced by Eryk Casemiro and Bill Melendez ; directed by Bill Melendez and Evert Brown; (Santa Claus is Comin' to Town) produced & directed by Arthur Rankin, Jr. & Jules Bass; (The Little Drummer Boy) produced & directed by Arthur Rankin, Jr. & Jules Bass. |
| 511 ## - PARTICIPANT OR PERFORMER NOTE | |
| Participant or performer note | Principal voices: (for Rudolph the red-nosed reindeer) Burl Ives, Larry Mann, Billy Richards, Paul Soles, Stan Francis;(Frosty the Snowman)Paul Frees, June Foray;(Frosty Returns)Jonathan Winters, Jan Hooks, Andrea Martin, Brian Doyle-Murray, Elizabeth Moss, Michael Patrick Carter, John Goodman; (Santa Claus is Comin' to Town) Mickey Rooney, Keenan Wynn, Paul Frees, Joan Gardner, Robie Lester; (The Little Drummer Boy) Jose Ferrer, Paul Frees, Teddy Eccles, Greer Garson |
| 520 ## - SUMMARY, ETC. | |
| Summary, etc | Presents five animated Christmas tales as they originally aired on network television |
| 521 ## - TARGET AUDIENCE NOTE | |
| Target audience note | Not rated |
| 538 ## - SYSTEM DETAILS NOTE | |
| System details note | DVD, NTSC, Region 1, Dolby digital |
| 546 ## - LANGUAGE NOTE | |
| Language note | In English with optional Spanish soundtrack; closed-captioned |
| 653 ## - INDEX TERM--UNCONTROLLED | |
| Resource For college | |
| Arrived date list | June2011 |
| Resource For college | |
| Arrived date list | June2011 |
| 655 ## - INDEX TERM--GENRE/FORM | |
| Genre/form data or focus term | Christmas films |
| -- | 25701 |
| 700 ## - ADDED ENTRY--PERSONAL NAME | |
| 9 (RLIN) | 25678 |
| Personal name | Muller, Romeo |
| Relator term | aus |
| 700 ## - ADDED ENTRY--PERSONAL NAME | |
| 9 (RLIN) | 25695 |
| Personal name | Rooney, Mickey |
| Relator term | act |
| 700 ## - ADDED ENTRY--PERSONAL NAME | |
| 9 (RLIN) | 25696 |
| Personal name | Wynn, Keenan |
| Dates associated with a name | 1916-1986 |
| Relator term | act |
| 700 ## - ADDED ENTRY--PERSONAL NAME | |
| 9 (RLIN) | 25696 |
| Personal name | Wynn, Keenan |
| Dates associated with a name | 1916-1986 |
| Relator term | act |
| 700 ## - ADDED ENTRY--PERSONAL NAME | |
| 9 (RLIN) | 25693 |
| Personal name | Nelson, Steve |
| Dates associated with a name | 1907-1981 |
| Relator term | aut |
| Title of a work | Frosty the Snowman. |
| 700 ## - ADDED ENTRY--PERSONAL NAME | |
| 9 (RLIN) | 25679 |
| Personal name | May, Robert |
| Relator term | aut |
| Title of a work | Rudolph the Red-Nosed Reindeer |
| 700 ## - ADDED ENTRY--PERSONAL NAME | |
| 9 (RLIN) | 25680 |
| Personal name | Roemer, Larry |
| Relator term | drt |
| 700 ## - ADDED ENTRY--PERSONAL NAME | |
| 9 (RLIN) | 25682 |
| Personal name | Ives, Burl |
| Dates associated with a name | 1909-1995 |
| Relator term | act |
| 700 ## - ADDED ENTRY--PERSONAL NAME | |
| 9 (RLIN) | 25681 |
| Personal name | Rankin, Arthur |
| Relator term | pro |
| -- | drt |
| 700 ## - ADDED ENTRY--PERSONAL NAME | |
| 9 (RLIN) | 25683 |
| Personal name | Mann, Larry |
| Relator term | act |
| 700 ## - ADDED ENTRY--PERSONAL NAME | |
| 9 (RLIN) | 25684 |
| Personal name | Richards, Billy |
| Relator term | act |
| 700 ## - ADDED ENTRY--PERSONAL NAME | |
| 9 (RLIN) | 25685 |
| Personal name | Soles, Paul |
| Relator term | act |
| 700 ## - ADDED ENTRY--PERSONAL NAME | |
| 9 (RLIN) | 25686 |
| Personal name | Francis, Stan |
| Relator term | act |
| 700 ## - ADDED ENTRY--PERSONAL NAME | |
| 9 (RLIN) | 25687 |
| Personal name | Frees, Paul |
| Relator term | act |
| 700 ## - ADDED ENTRY--PERSONAL NAME | |
| 9 (RLIN) | 25688 |
| Personal name | Foray, June |
| Relator term | act |
| 700 ## - ADDED ENTRY--PERSONAL NAME | |
| 9 (RLIN) | 25689 |
| Personal name | Casemiro, Eryk |
| Relator term | pro |
| 700 ## - ADDED ENTRY--PERSONAL NAME | |
| 9 (RLIN) | 25690 |
| Personal name | Melendez, Bill |
| Relator term | pro |
| -- | drt |
| 700 ## - ADDED ENTRY--PERSONAL NAME | |
| 9 (RLIN) | 25691 |
| Personal name | Brown, Evert |
| Relator term | drt |
| 700 ## - ADDED ENTRY--PERSONAL NAME | |
| 9 (RLIN) | 25692 |
| Personal name | Bass, Jules |
| Relator term | pro |
| -- | drt |
| 700 ## - ADDED ENTRY--PERSONAL NAME | |
| 9 (RLIN) | 25694 |
| Personal name | Winters, Jonathan |
| Relator term | act |
| 700 ## - ADDED ENTRY--PERSONAL NAME | |
| 9 (RLIN) | 25697 |
| Personal name | Davis, Katherine |
| Dates associated with a name | 1892-1980 |
| Relator term | aut |
| Title of a work | The Little Drummer Boy |
| 700 ## - ADDED ENTRY--PERSONAL NAME | |
| 9 (RLIN) | 25698 |
| Personal name | Ferrer, Jose |
| Dates associated with a name | 1912-1992 |
| Relator term | act |
| 700 ## - ADDED ENTRY--PERSONAL NAME | |
| 9 (RLIN) | 25699 |
| Personal name | Eccles, Teddy |
| Relator term | act |
| 700 ## - ADDED ENTRY--PERSONAL NAME | |
| 9 (RLIN) | 25700 |
| Personal name | Garson, Greer |
| Dates associated with a name | 1908- |
| Relator term | act |
| 710 ## - ADDED ENTRY--CORPORATE NAME | |
| 9 (RLIN) | 25676 |
| Corporate name or jurisdiction name as entry element | Sony Wonder (Firm) |
| 710 ## - ADDED ENTRY--CORPORATE NAME | |
| 9 (RLIN) | 25677 |
| Corporate name or jurisdiction name as entry element | Classic Media, Inc. |
| 740 ## - ADDED ENTRY--UNCONTROLLED RELATED/ANALYTICAL TITLE | |
| Uncontrolled related/analytical title | Frosty the Snowman. |
| 740 ## - ADDED ENTRY--UNCONTROLLED RELATED/ANALYTICAL TITLE | |
| Uncontrolled related/analytical title | Rudolph the Red-Nosed Reindeer |
| 740 ## - ADDED ENTRY--UNCONTROLLED RELATED/ANALYTICAL TITLE | |
| Uncontrolled related/analytical title | Frost Returns |
| 740 ## - ADDED ENTRY--UNCONTROLLED RELATED/ANALYTICAL TITLE | |
| Uncontrolled related/analytical title | Santa Claus is Comin' to Town |
| 740 ## - ADDED ENTRY--UNCONTROLLED RELATED/ANALYTICAL TITLE | |
| Uncontrolled related/analytical title | The Little Drummer Boy |
| 942 ## - ADDED ENTRY ELEMENTS (KOHA) | |
| Source of classification or shelving scheme | Dewey Decimal Classification |
| Item type | |
| Withdrawn status | Lost status | Source of classification or shelving scheme | Damaged status | Not for loan | Koha collection | Location (home branch) | Sublocation or collection (holding branch) | Shelving location | Date acquired | Cost, normal purchase price | Invoice Number | Koha issues (times borrowed) | Koha full call number | Piece designation (barcode) | Koha date last seen | Price effective from | Koha item type | Public note |
|---|---|---|---|---|---|---|---|---|---|---|---|---|---|---|---|---|---|---|
| Dewey Decimal Classification | Baccah | Central Library | Central Library | Second Floor | 22/06/2011 | 252.00 | 12512 | 791.4372 CHR | 000024272 | 24/08/2022 | 22/06/2011 | CD | DVD - Movie (NB) | 4 DVDs |